000 00693nam a2200289Ia 4500
005 20260324133310.0
008 008 260324s9999 xx 000 0 eng d
020 _a9780429209116
037 _aEBOOK
040 _aCRL
040 _beng
040 _cCRL
041 _2eng
041 _aeng
084 _qCRL
100 _aReinhard E. Voglmaier
_91192561
245 4 _aThe ABCs of LDAP
245 0 _bHow to Install, Run, and Administer LDAP Services
260 _bTaylor and Francis
260 _c2003
365 _a
365 _b340
856 _uhttp://www.taylorfrancis.com/books/9780429209116
942 _cEBOOK
999 _c1791469
_d1791469